Súčasné problémy účtovníctva v procese nadnárodnej harmonizácie
Príčiny vzniku rozdielov účtovných systémov jednotlivých krajín. Nadnárodná harmonizácia účtovníctva. Postup a úlohy harmonizácie účtovníctva v SR - podiel, ktorý v tomto procese má akademická oblasť, reprezentovaná Katedrou účtovníctva EU v Bratislave.
Gespeichert in:
| 1. Verfasser: | |
|---|---|
| Format: | Buchkapitel |
| Sprache: | Slowakisch |
| Schlagworte: | |
| Tags: |
Keine Tags, Fügen Sie das erste Tag hinzu!
|
MARC
| LEADER | 00000naa$a2200000$$$4500 | ||
|---|---|---|---|
| 001 | 0018668 | ||
| 005 | 20220606115917.3 | ||
| 041 | 0 | |a slo | |
| 044 | |a SK | ||
| 245 | 1 | 0 | |a Súčasné problémy účtovníctva v procese nadnárodnej harmonizácie |c Božena Soukupová |
| 520 | |a Príčiny vzniku rozdielov účtovných systémov jednotlivých krajín. Nadnárodná harmonizácia účtovníctva. Postup a úlohy harmonizácie účtovníctva v SR - podiel, ktorý v tomto procese má akademická oblasť, reprezentovaná Katedrou účtovníctva EU v Bratislave. | ||
| 610 | 2 | 0 | |a účtovníctvo |
| 610 | 2 | 0 | |a aproximácia práva |
| 610 | 2 | 0 | |a štandardy účtovné medzinárodné |
| 610 | 2 | 0 | |a Slovensko |
| 610 | 2 | 0 | |a Ekonomická univerzita v Bratislave |
| 100 | 1 | |a Soukupová, Božena | |